=LDR 00000nam 2200000 4500 =001 INLIS000000000031362 =005 20130612133436 =008 ***********************************Ind** =035 ##$$0010-061300000031362 =041 ##$$a Ind =082 ##$$a 591.572 =090 ##$$a 591.572, Par t =100 ##$$a Parker, Stave =245 ##$$a Tingkah laku hewan kamuflase, Steve Parker =260 ##$$a 1994 $b Semarang =300 ##$$a 32 hlm, ilus, 28 cm =650 ##$$a Binatang-Kamuflase =850 ##$$a NBPNMAT =990 ##$$a 0276/BPAP-NTB/2016 =990 ##$$a 0278/BPAP-NTB/2016